1324 1827 1921 1906 1521 1284 1404 1080 1389 1531 1547 1975 1711 1937 1541 1110 1912 1530 1064 1972 1584 1640 1931 1265 1848 1889 1235 1131 1432 1652 1369 1839 1699 1113 1803 1349 1340 1375 1709 1591 1438 1951 1341 1620 1148 1747 1033 1799 1954 1496 1997 1143 1835 1608 1159 1099 1677 1270 1130 1793 1161 1796 1125 1927 1505 1836 1269 1839 1498 1647 1644 1253 1795 1339 1414 1203 1671 1770 1593 1875 1120 1600 1690 1493 1885 1844 1886 1849 1621 1606 1320 1610 1809 1787 1076 1501 1372 1586 1539 BCNSPRNW ULIB Ver.6.0+V

เปลี่ยนเป็นภาษาไทย

Change to English
 แสดงรายละเอียดบรรณานุกรม
  กลับหน้าหลัก

Brief Record : Get Marc (ISO 2709) : E-mail record : QR code < ปิดหน้าต่าง
LEADER : 00000nam 2200000uu 4500
001    13399108215
003     ULIB
008    110221s2543||||th 000 0 tha d
020    9746573349
060 04 WY157.6^bม293ก 2543
100 0  มรรยาท ณ นคร
245 10 การพยาบาลผู้ป่วยกระดูกหักที่ได้รับการยึดตรึงด้วยวัสดุภายในร่างกาย /^cมรรยาท ณ นคร
250    พิมพ์ครั้งที่ 1
260    เชียงใหม่ :^bโครงการตำรา คณะพยาบาลศาสตร์มหาวิทยาลัยเชียงใหม่,^c2543
300    ก-ณ, 165 หน้า :^bภาพประกอบ ;^c27 ซม.
650  7 การตรึงกระดูกหัก
650  7 กระดูกหัก^xการพยาบาล
650  7 กระดูกหักแบบเปิด
650  7 การพยาบาลออร์โธปิดิคส์
710 2  มหาวิทยาลัยเชียงใหม่. ^bคณะพยาบาลศาสตร์
945    ^p130^l0^i013206
945    ^p130^l0^i013115
945    ^p130^l0^i013113
945    ^p130^l0^i013114
945    ^p130^l0^i023250
995    เกษร
999    ^aใช้งานได้ทุกระบบ
รายการนี้ยังไม่มีแท็ก
คุณยังไม่ได้ล็อกอิน คุณสามารถมีกิจกรรมร่วมกับเว็บไซต์ได้ แต่ต้องล็อกอินก่อน ::
  ล็อกอิน

รายการสื่อสารสนเทศ

ลำดับที่ ประเภท เลขเรียก/บาร์โค้ด สถานที่ สถานะ
- ไม่พบข้อมูล -

รายการใกล้เคียง
    ผู้แต่ง [มรรยาท ณ นคร]

    หัวเรื่อง [การตรึงกระดูกหัก]
    หัวเรื่อง [กระดูกหักแบบเปิด]
    หัวเรื่อง [การพยาบาลออร์โธปิดิคส์]

BibComment


ยังไม่เคยถูกคอมเมนท์

คอมเมนท์ทรัพยากรรายการนี้
  คอมเมนท์: การพยาบาลผู้ป่วยก..


 Copyright 2026. Bcnsprnw @Library